000 00729nas a2200253 4500
001 BR0705900
003 BR-BrBNA
005 20231205111210.0
007 ta
008 230509b bl.|||p| |||| 00| 00por d
040 _aBR-BrBNA
_bpor
_cBiblioteca Nacional de Agricultura
041 _a(Pt)
072 _aH10
100 1 _aOmoto, C.
100 1 _aAlves, E.B.
245 1 _aA resistência dos ácaros a acaricidas em citros
650 _aFRUTA CÍTRICA
650 _aÁCARO
650 _aRESISTÊNCIA A PRODUTO QUÍMICO
650 _aACARICIDA
773 0 _tVisão Agrícola (Brazil)
_xISSN 1806-6402
_g(Jul-Dec 2004), v. 1(2) p. 82-86
_wBR0705900
909 _a202311
_bLúcia
_c55
_dLúcia Elande
942 _2AGRIS
_n0
_cANA
999 _c191295
_d191295